| 000 | 00847nam a22002177a 4500 | ||
|---|---|---|---|
| 999 |
_c65547 _d65547 |
||
| 005 | 20240530110830.0 | ||
| 008 | 190903s2006 ua a g b 000 0 ara d | ||
| 017 | _bمصر. دار الكتب | ||
| 040 |
_aEG-CaGPL _cEG-CaGPL |
||
| 082 | 0 | 4 |
_221 _a801.953 \ _bهـ ق |
| 100 | 1 | _aهاندى ، وليم جى | |
| 245 | 1 | 2 |
_aالقصة الحديثة فى ضوء المنهج الشكلى / _cتأليف وليم جى هاندى ؛ ترجمة وتعليق شفيع السيد |
| 250 | _aط.1 | ||
| 260 |
_aالقاهرة : _bدار غريب للطباعة والنشر والتوزيع، _c2006 |
||
| 300 |
_a198 ص. ؛ _c24 سم. |
||
| 650 | 0 | 7 |
_2qrmak _aالقصص العربية _xتاريخ ونقد |
| 651 | _2qrmak | ||
| 700 | 0 |
_aشفيع السيد _eمترجم |
|
| 942 |
_2ddc _cBK |
||